000 00447nam a2200181Ia 4500
001 23866
005 20260414151006.0
008 260414t2022||||xx |||||||||||||| ||spa||
041 _aESP
082 _a720.284
_bC64
100 _aCiriani, Enrique,
_eAUT
245 0 _aCiriani :
_b1 años del taller de diseño avanzado
260 _c2022
300 _a153 páginas :
_c22 cm.
650 _aABD
654 _aCAU
942 _cLIB
_dJUS
_fJUS
_2ddc
_n
999 _c23866
_d23866